Statistics for Movie Based On Cast

Click here to take the quiz!

General Stats

  • This quiz has been taken 58 times
  • The average score is 10 of 15

Answer Stats

HintAnswer% Correct
Chris Evans, Robert Downey Jr. Scarlett Johansson, Chadwick Boseman, Chris Hemsworth, Mark Ruffalo, Jeremy Renner, Liz Olsen, Paul Rudd, Brie Larson, Tom Holland, Don Cheadle, Karen Gillan, Chris Pratt, Benedict Cumberbatch, Gwyneth Paltrow, Josh Brolin, Jon FavreauAvengers: Endgame
95%
Christian Bale, Heath Ledger, Michael Caine, Morgan Freeman, Maggie Gyllenhaal, Gary Oldman, Aaron Eckhart, Cillian MurphyThe Dark Knight
95%
Paul Walker, Vin Diesel, Jordana Brewster, Johnny Strong, Matt Schulze, Michelle Rodriguez, Chad Lindberg, Rick Yune, Ja RuleFast and Furious
89%
Ray Liotta, Lorraine Bracco, Robert De Niro, Joe Pesci, Paul Sorvino, Frank Vincent, Tony Sirico, Michael Imperioli, Samuel L. JacksonGoodfellas
87%
Uma Thurman, David Carradine, Lucy Liu, Vivica Fox, Daryl Hannah, Michael Madsen, Julie Dreyfus, Sonny Chiba, Samuel L. JacksonKill Bill (Both Volumes)
85%
Al Pacino, Michelle Pfeiffer, Robert Loggia, Steven Bauer, Mark Margolis, Paul Shenar, Mary Elizabeth MastrantonioScarface
78%
Robert De Niro, Harvey Keitel, Jodie Foster, Cybill ShepherdTaxi Driver
75%
Harvey Keitel, Tim Roth, Steve Buscemi, Michael Madsen, Edward Bunker, Quentin Tarantino, Chris Penn, Lawrence TierneyReservoir Dogs
69%
Jonah Hill, Michael Cera, Emma Stone, Martha MacIsaac, Christopher Mintz-Plasse, Seth Rogen, Bill Hader, Aviva Baumann, Dave FrancoSuperbad
69%
Matt Damon, Leonardo DiCaprio, Jack Nicholson, Vera Farmiga, Mark Wahlberg, Alec Baldwin, Martin SheenThe Departed
69%
Michael Douglas, Charlie Sheen, Martin Sheen, Daryl Hannah, Oliver Stone, Hal Holbrook, Terence Stamp, James Spader, John C. McGinleyWall Street
58%
Marlon Brando, Martin Sheen, Robert Duvall, Laurence Fishburne, Sam Bottoms, Harvey Keitel, Harrison FordApocalypse Now
56%
Felicity Jones, Diego Luna, Donnie Yen, Forest Whitaker, Mads Mikkelsen, Ben Mendelsohn, Riz AhmedRogue One
45%
Michael Cera, Brie Larson, Mary Elizabeth Winstead, Chris Evans, Anna Kendrick, Aubrey Plaza, Ellen Wong, Mae WhitmanScott Pilgrim vs. The World
42%
Christian Bale, Jared Leto, Willem Dafoe, Reese Witherspoon, Josh Lucas, Justin Theroux, Guinevere Turner, Chloe SevignyAmerican Psycho
35%

Score Distribution

Percentile by Number Answered

Percent of People with Each Score

Your Score History

You have not taken this quiz